[Event "31st open TETEVEN"]
[Site "Teteven"]
[Date "2016.08.14"]
[Round "2.7"]
[White "Nikolov, Petko"]
[Black "Kostov, Galin"]
[Result "0-1"]
[WhiteElo "1855"]
[BlackElo "2181"]
[PlyCount "84"]
[EventDate "2016.08.13"]
[EventType "swiss"]
[EventRounds "9"]
[EventCountry "BUL"]

1. d4 Nf6 2. Nc3 e6 3. Nf3 d5 4. Bg5 Be7 5. e3 O-O 6. Ne5 Nfd7 7. Bxe7 Qxe7 8.
Bd3 Nxe5 9. dxe5 c5 10. O-O Nc6 11. f4 f6 12. exf6 Qxf6 13. e4 Qd4+ 14. Kh1 c4
15. exd5 exd5 16. Be2 Be6 17. Qxd4 Nxd4 18. Rad1 Nxc2 19. Rd2 d4 20. Rxc2 d3
21. Rd2 dxe2 22. Rxe2 Bf5 23. Re7 Bd3 24. Rfe1 Rxf4 25. Rxb7 Raf8 26. h3 Rf1+
27. Rxf1 Rxf1+ 28. Kh2 Rf2 29. Nb5 a6 30. Nd6 h5 31. Kg3 Rd2 32. Ne8 Rxg2+ 33.
Kf4 Rg6 34. Rb8 Kh7 35. Nc7 h4 36. Nd5 Rg3 37. Rb7 Rxh3 38. Kg5 Rf3 39. Kg4 Be4
40. Rd7 h3 41. Nf4 Rxf4+ 42. Kxh3 Bf5+ 0-1

[Event "31st open TETEVEN"]
[Site "Teteven"]
[Date "2016.08.14"]
[Round "2.8"]
[White "Terziev, Dimo"]
[Black "Yordanova, Svetla"]
[Result "1-0"]
[WhiteElo "1834"]
[BlackElo "2158"]
[PlyCount "113"]
[EventDate "2016.08.13"]
[EventType "swiss"]
[EventRounds "9"]
[EventCountry "BUL"]

1. e4 e6 2. d3 d5 3. Qe2 Be7 4. Nf3 c5 5. g3 Nc6 6. Bg2 Nf6 7. O-O b6 8. e5 Nd7
9. c4 dxc4 ({RR} 9... d4) 10. dxc4 Bb7 11. Rd1 Qc7 12. Nc3 a6 13. Bf4 g5 ({RR} 
13... O-O 14. Nd5 ({RR} 14. h4 Rfd8 15. h5 Nf8 16. Ne4 Rxd1+ 17. Rxd1 Rd8 18.
Rxd8 Qxd8 19. b3 h6 20. Nc3) ({RR} 14. Rd2 Rfd8 15. Nd5 exd5 16. cxd5 Ncxe5 17.
Nxe5 Nxe5 18. Bxe5 Bd6) 14... exd5 ({RR} 14... Qc8 15. Nxe7+ Nxe7) 15. e6 ({RR
} 15. cxd5 Ncxe5 16. Nxe5 Bd6 17. Nxd7 Qxd7 18. Bxd6 Qxd6) 15... Bd6 16. Bxd6
Qxd6 17. Rxd5 Nd4 ({RR} 17... Qxe6 18. Qxe6 fxe6 19. Rxd7) 18. Nxd4 ({RR} 18.
Rxd6 Nxe2+ 19. Kf1 Nxg3+ 20. hxg3 fxe6 21. Ng5 ({RR} 21. Rxd7 Bxf3) 21... Bxg2+
22. Kxg2 Ne5 23. b3 Rad8) 18... Bxd5 19. Bxd5 cxd4 ({RR} 19... fxe6 20. Qxe6+
Qxe6 21. Nxe6) 20. exf7+ Kh8 ({RR} 20... Rxf7 21. Bxf7+ Kxf7 22. Qf3+) 21. Bxa8
Nf6 ({RR} 21... Rxa8 22. Qe8+ Qf8 23. Qxd7) 22. Qf3 Rxf7 23. Rd1 Rf8 24. Bb7 b5
25. Qa3 Qxa3 26. bxa3 Rd8 27. c5 Ne8 28. Kf1 {
Morozevich,A (2575)-Sermek,D (2515)/Moscow 1994/CBM 045/[Gagarin]/1-0 (34)})
14. Nxg5 $146 ({RR} 14. Bxg5 Bxg5 15. Nxg5 Qxe5 16. Rxd7 Qxe2 17. Rxb7 Qxb2 18.
Bxc6+ Kf8 19. Rd1 h6 20. Rxf7+ Kg8 21. Bxa8 hxg5 22. Re7 Kf8 23. Rc7 {
1-0 Belkhodja,S (2390)-San Marco,B (2240)/Paris 1994/EXT 1998}) 14... Nd4 15.
Qh5 Bxg5 16. Bxg5 Bxg2 17. Kxg2 Qxe5 18. Re1 Qg7 19. Nd5 h6 20. Bh4 O-O 21.
Ne7+ Kh7 22. Rad1 Nf6 23. Qe5 Ng8 24. Nxg8 Rxg8 25. Qxg7+ Kxg7 26. g4 h5 27. f3
Rae8 28. Bf2 e5 29. h3 hxg4 30. hxg4 f6 31. Rh1 Kf7 32. Rh7+ Rg7 33. Rdh1 Rd8
34. Rh8 Rxh8 35. Rxh8 Rg8 36. Rh7+ Rg7 37. Rh8 f5 38. Rb8 Rg6 39. Rb7+ Ke8 40.
Kg3 Ne2+ 41. Kh4 fxg4 42. fxg4 Nf4 43. g5 Re6 44. Kg4 Nd3 45. Kf5 Re7 46. Rb8+
Kd7 47. Bh4 Rf7+ 48. Ke4 Kc7 49. Rh8 Nxb2 50. g6 Rf4+ 51. Kxe5 Rg4 52. Kf5 Rg2
53. Bg5 Nxc4 54. Rh7+ Kc6 55. g7 Nd6+ 56. Kf4 Rf2+ 57. Ke3 1-0

[Event "31st open TETEVEN"]
[Site "Teteven"]
[Date "2016.08.14"]
[Round "2.9"]
[White "Kolev, Velio"]
[Black "Bochev, Krasimir"]
[Result "0-1"]
[WhiteElo "1798"]
[BlackElo "2126"]
[PlyCount "88"]
[EventDate "2016.08.13"]
[EventType "swiss"]
[EventRounds "9"]
[EventCountry "BUL"]

1. Nf3 g6 2. g3 Bg7 3. Bg2 c5 4. e4 Nc6 5. d3 d6 6. O-O Nf6 7. c3 O-O 8. Re1
Bg4 9. h3 Bxf3 10. Qxf3 Nd7 11. Qe2 Rb8 12. Be3 b5 13. f4 Qc7 14. Qd2 $146 ({RR
} 14. a3 a5 15. Nd2 b4 16. axb4 ({RR} 16. Rec1 bxc3 17. bxc3 Rb2 18. Qf3 Na7
19. a4 Rfb8 20. Nc4 R2b3 21. Bd2 Nc8 22. Qd1 e6 23. Rab1 Rxb1 24. Rxb1 Rxb1 25.
Qxb1 Ncb6 26. Nxb6 Qxb6 27. Qxb6 Nxb6 28. c4 Nxa4 29. Bxa5 Kf8 30. Bf3 Ke7 {
Haub,T (2466)-Stephan,V (2253)/Avoine 2012/CBM 149 Extra/1/2 (53)}) 16... axb4
17. Rac1 Nb6 18. cxb4 Nxb4 19. d4 Nd7 20. e5 Rfc8 21. Ne4 Qd8 22. e6 fxe6 23.
dxc5 d5 24. Ng5 Nf8 25. Bf2 Rc6 26. Qd2 Na6 27. Bd4 Bxd4+ 28. Qxd4 Rb5 {
Saz,D-Rodriguez Lopez,R (2300)/Cordoba 1995/EXT 1998/0-1 (40)}) ({RR} 14. Qc2
Rfc8 15. Qf2 b4 16. Rc1 Qa5 17. Qd2 Nb6 18. e5 bxc3 19. Nxc3 dxe5 20. Bxc6 Rxc6
21. Qg2 Rbc8 22. Bd2 Qb4 23. Nd5 Qd4+ 24. Ne3 exf4 25. gxf4 Qxd3 26. Rab1 Bd4
27. Qf3 {
0-1 Martinez Velert,P (2041)-Orosa Martinez,V (2037)/Valencia 2009/EXT 2011})
14... b4 15. d4 bxc3 16. bxc3 Na5 17. Na3 Rfc8 18. Rac1 Nb6 19. Bf1 Na4 20. Rc2
Qd7 21. e5 Qb7 22. Bb5 Nb6 23. Bf1 cxd4 24. cxd4 Rxc2 25. Qxc2 Rc8 26. Qb1 h5
27. h4 Qd5 28. Bg2 Qe6 29. Kh2 Qd7 30. Rc1 Nac4 31. Nxc4 Rxc4 32. Rxc4 Nxc4 33.
Bf2 d5 34. Qb4 e6 35. Bf1 Bf8 36. Qb8 Qa4 37. Bxc4 dxc4 38. d5 Qxa2 39. Qxa7
Qxa7 40. Bxa7 exd5 41. Bd4 Bb4 42. Kg2 c3 43. Kf3 c2 44. Bb2 Bd2 0-1

[Event "31st open TETEVEN"]
[Site "Teteven"]
[Date "2016.08.14"]
[Round "2.10"]
[White "Stojanov, Alexandar"]
[Black "Kamenov, Filip"]
[Result "1-0"]
[WhiteElo "2121"]
[BlackElo "1874"]
[PlyCount "85"]
[EventDate "2016.08.13"]
[EventType "swiss"]
[EventRounds "9"]
[EventCountry "BUL"]

1. d4 Nf6 2. Bg5 c5 3. d5 Ne4 4. Bc1 Qb6 ({RR} 4... e5 5. g3 ({RR} 5. dxe6 fxe6
6. g3 d5 7. Bg2 Nd6 8. Nf3 Be7 9. O-O Nc6 10. Nc3 O-O) 5... f5 ({RR} 5... d6 6.
Bg2 Nf6 7. Nc3 Be7 8. e4 O-O 9. a4 Ne8 10. Nge2 Bg5 11. O-O Bxc1 12. Qxc1 Nd7)
6. Bg2 ({RR} 6. f3 Nf6 7. e4 d6 8. Nc3 Be7 9. Bh3 fxe4 10. fxe4 O-O 11. Qe2)
6... d6 7. Nh3 Be7 8. f3 Nf6 9. Nc3 ({RR} 9. c4 O-O 10. Nc3 Qe8 11. O-O Na6 12.
e4 fxe4 13. f4 Bg4 14. Qb3 Nb4 15. Nf2) 9... O-O 10. O-O Qe8 11. a4 Na6 12. Nf2
Qg6 13. e4 Nb4 14. Nb5 ({RR} 14. exf5 Bxf5 15. Nfe4 Nxe4 16. Nxe4 Bxe4 17. fxe4
Rxf1+ 18. Kxf1 Bg5 19. Bxg5 Qxg5 20. Qe2) 14... fxe4 15. fxe4 Ng4 16. c3 ({RR} 
16. Bf3 Rxf3 17. Qxf3 Nxc2 18. Rb1 a6 19. Nc3 Nd4 20. Qg2 Qh5) 16... Nxf2 17.
Rxf2 Rxf2 18. Kxf2 Bg4 19. Qd2 {
Huzman,A (2589)-Sutovsky,E (2652)/Istanbul 2003/CBM 096/[Finkel,A]/0-1 (38)}) (
{RR} 4... e6 5. c4 d6 6. Nd2 exd5 7. cxd5 Nxd2 8. Bxd2 Be7 9. g3 O-O 10. Bg2
Bf6 11. Bc3 Bxc3+ 12. bxc3 Qa5 13. Qc2 Re8 14. Nf3 Bf5 15. Qd2 Be4 16. Nh4 Bxg2
17. Nxg2 Nd7 18. O-O Ne5 19. Ne3 {
Lomasov,S (2342)-Babula,V (2559)/Pardubice 2015/CBM 167 Extra/0-1 (40)}) 5. f3
Nf6 6. e4 d6 $146 ({RR} 6... e5 7. Na3 d6 8. Nc4 Qc7 9. a4 Nbd7 10. Ne2 Nb6 11.
Ne3 Bd7 12. Nc3 a6 13. Be2 Be7 14. O-O O-O 15. f4 exf4 16. Rxf4 Ne8 17. a5 Nc8
18. Qf1 Bf6 19. Nc4 Ne7 20. Bh5 Ng6 21. Bxg6 {
Havas,J (2174)-Vujakovic,B (2356)/Bol 2014/CBM 160 Extra/0-1 (51)}) 7. Ne2 g6
8. Nec3 Bg7 9. Nd2 a6 10. Nc4 Qc7 11. a4 O-O 12. Be3 Nbd7 13. Qd2 b6 14. Be2
Bb7 15. O-O Rfb8 16. f4 Ne8 17. Bg4 Nef6 18. Be2 Ne8 19. Bg4 Nef6 20. Bf3 Ne8
21. Na3 Qd8 22. Bg4 Nef6 23. Bf3 Ne8 24. h4 h5 25. g4 hxg4 26. Bxg4 e5 27. dxe6
Qxh4 28. exf7+ Kxf7 29. Qg2 Bxc3 30. Bxd7 Nf6 31. Qg5 Rh8 32. Qxh4 Rxh4 33.
bxc3 Nxd7 34. Nc4 Ke7 35. e5 Rg4+ 36. Kf2 dxe5 37. Nxe5 Nxe5 38. fxe5 Rg2+ 39.
Ke1 Rxc2 40. Bg5+ Ke6 41. Rf6+ Kxe5 42. Rxb6 Rh8 43. Bf6+ 1-0

[Event "31st open TETEVEN"]
[Site "Teteven"]
[Date "2016.08.14"]
[Round "2.12"]
[White "Janakiev, Ivan"]
[Black "Galunov, Georgi"]
[Result "1-0"]
[WhiteElo "2077"]
[BlackElo "1846"]
[PlyCount "87"]
[EventDate "2016.08.13"]
[EventType "swiss"]
[EventRounds "9"]
[EventCountry "BUL"]

1. d4 d5 2. c4 c6 3. Nc3 Nf6 4. Nf3 dxc4 5. e3 b5 6. a4 Qb6 7. Ne5 e6 8. axb5
cxb5 9. b3 cxb3 10. Bxb5+ Bd7 11. Qxb3 Bxb5 12. Qxb5+ Nbd7 13. Qxb6 Nxb6 14.
Nb5 Bb4+ $146 ({RR} 14... Nfd5 15. Rxa7 Bb4+ 16. Bd2 Rc8 17. O-O Bxd2 18. Nd6+
Kf8 19. Rxf7+ Kg8 20. Nxc8 Nxc8 21. Rd7 h5 22. Rd1 Bb4 23. Nf7 Rh7 24. Ng5 Rh6
25. Rd8+ Bf8 26. Rxc8 g6 27. Nxe6 {1-0 Horn,K-Iyer,K/Detroit 1994/EXT 2000})
15. Bd2 Bxd2+ 16. Kxd2 Ne4+ 17. Ke2 O-O 18. f3 a6 19. Nc7 Nc3+ 20. Kd3 Ra7 21.
Nxa6 Ncd5 22. Nc6 Raa8 23. Rhc1 Rfc8 24. e4 Nf4+ 25. Ke3 Ng6 26. g3 Rf8 27.
Nab4 h5 28. h4 f6 29. Rxa8 Rxa8 30. Rc2 Ra3+ 31. Kf2 Rb3 32. Na6 Kf7 33. Nc5
Ra3 34. Nd8+ Ke7 35. Ndxe6 Kf7 36. Rb2 Nc4 37. Rb7+ Ne7 38. Nxg7 Ra2+ 39. Ke1
Ra1+ 40. Ke2 Ra2+ 41. Kd1 Ra1+ 42. Kc2 Rf1 43. Nf5 Na3+ 44. Kd2 1-0

[Event "31st open TETEVEN"]
[Site "Teteven"]
[Date "2016.08.14"]
[Round "2.13"]
[White "Bozov, Dimitar"]
[Black "Dochev, Marian"]
[Result "0-1"]
[WhiteElo "1764"]
[BlackElo "2041"]
[PlyCount "72"]
[EventDate "2016.08.13"]
[EventType "swiss"]
[EventRounds "9"]
[EventCountry "BUL"]

1. d4 d5 2. c4 e6 3. Nc3 Nf6 4. Bg5 Nbd7 5. e3 Be7 6. Nf3 c6 7. Bd3 dxc4 8.
Bxc4 a6 ({RR} 8... Nd5 9. Bxe7 Nxe7 10. O-O O-O 11. Qe2 b6 12. Bb3 a5 13. Rfd1
Qc7 14. Rac1 Ba6 15. Qc2 Rac8 16. Ng5 Ng6 17. h4 Qd8 18. f4 Nf6 19. Nce4 Nd5
20. Bxd5 cxd5 21. Nc3 h6 22. Nxe6 fxe6 23. Qxg6 {
Colman,M (2036)-Porteiro,R (1727)/Montevideo 2015/CBM 167/1/2 (39)}) 9. a4 b6
$146 ({RR} 9... O-O 10. O-O Re8 11. e4 Nf8 12. Qb3 b5 13. axb5 cxb5 14. Bd3 Bb7
15. Rfe1 Ng6 16. Rad1 Qc7 17. Rc1 Qb6 18. Na4 Qa7 19. Nc5 Nf8 20. Nxb7 Qxb7 21.
Bxf6 Bxf6 22. e5 Be7 23. Be4 Qb6 24. Bxa8 {
Billette,G (1700)-Michaud,J (2030)/Champagne Ardenne 2002/EXT 2005/1-0 (47)}) (
{RR} 9... h6 10. Bh4 Nd5 11. Bxe7 Qxe7 12. e4 Nxc3 13. bxc3 O-O 14. O-O Rd8 15.
Qb3 Nf6 16. Rfe1 Bd7 17. Rad1 b5 18. Bd3 Be8 19. Bb1 g6 20. Ne5 Kg7 21. Re3 c5
22. a5 cxd4 23. cxd4 Qc7 24. Qb4 {Vlachopulos,E (1792)-Susen,J (1805)/Valasska
Bystrice 2014/CBM 162 Extra/1/2 (32)}) 10. O-O h6 11. Bh4 Nd5 12. Bxe7 Nxe7 13.
b4 Nf6 14. Qd2 Bb7 15. Ne5 c5 16. bxc5 bxc5 17. Rfd1 Qc7 18. a5 O-O 19. Na4 Nc6
20. Nxc6 Qxc6 21. Bf1 cxd4 22. Qxd4 Rac8 23. Nb6 Rc7 24. Ra4 e5 25. Qxe5 Re8
26. Qd4 Rce7 27. Rc4 Qe6 28. Rc5 Ne4 29. Rc2 Qf5 30. Ra2 Ng5 31. Qf4 Qg6 32.
Qg3 Qf6 33. Rd6 Qc3 34. Rd3 Qc1 35. Qd6 {Diagram #} Re6 (35... Nf3+ $3 36. gxf3
Re6) 36. Qa3 Nh3+ 0-1

[Event "31st open TETEVEN"]
[Site "Teteven"]
[Date "2016.08.14"]
[Round "2.16"]
[White "Dereshki, Dario"]
[Black "Cholakov, Nikolay"]
[Result "1-0"]
[WhiteElo "2004"]
[BlackElo "1778"]
[PlyCount "57"]
[EventDate "2016.08.13"]
[EventType "swiss"]
[EventRounds "9"]
[EventCountry "BUL"]

1. c4 Nf6 2. Nc3 g6 3. d4 d5 4. cxd5 Nxd5 5. e4 Nxc3 6. bxc3 Bg7 7. Be3 c5 8.
Qd2 Qa5 9. Rc1 O-O 10. Nf3 Rd8 11. d5 Bg4 12. Be2 ({RR} 12. c4 Qxd2+ 13. Nxd2
Na6 14. f3 Bd7 15. Be2 b6 16. Rb1 Nb4 17. Nb3 Nxa2 18. Bf4 Ba4 19. Nd2 Bc2 20.
Rb5 Nc3 21. Bg5 Nxb5 22. cxb5 Rd7 23. O-O Bd4+ 24. Kh1 f6 25. Bf4 g5 26. Bg3 f5
{Peregudov,D (1527)-Badalian,D (1775)/Kislovodsk 2015/EXT 2016/0-1}) 12... Nd7
13. h3 $146 ({RR} 13. O-O Nf6 ({RR} 13... b5 14. h3 Bxf3 15. Bxf3 Qc7 ({RR} 
15... Rac8 16. Be2 Nb6 17. Qc2 Na4 18. Bg4 Rc7 19. c4 bxc4 20. Bf4 Rb7 21. Qxc4
Nb2 22. Qxc5 Qxc5 23. Rxc5 Nd3 24. Rc7 Rb2 25. Be3 Rxa2 26. Rxa7 Rxa7 27. Bxa7
Ra8 28. Be3 Ra4 29. Be2 Nb2 30. Rc1 {
Blasovszky,I (2220)-Nogrady,V (2280)/Budapest 1994/EXT 1999/1-0 (50)}) 16. c4
b4 17. Be2 a5 18. f4 a4 19. e5 Ra6 20. Rb1 g5 21. Rbd1 Nf8 22. Bh5 Ng6 23. d6
exd6 24. f5 Nxe5 25. f6 Bh8 26. Bxg5 b3 27. axb3 axb3 28. Qc3 {Panelo Munoz,M
(2451)-Barbero Senidic,A (2350)/Montcada 2012/CBM 149 Extra/1/2 (38)}) 14. Qc2
e6 15. c4 Bxf3 16. Bxf3 e5 17. Bg5 Rd7 {
1/2 Loureiro,L (2339)-Mekhitarian,K (2196)/Serra Negra 2002/CBM 088 Extra})
13... Bxf3 14. Bxf3 Ne5 15. Be2 c4 16. f4 Nd7 17. O-O Nc5 18. Qc2 Rac8 19. f5
Na4 $4 (19... b5 $142 $132) 20. fxg6 hxg6 21. Bg4 Rc7 {Diagram #} 22. Rxf7 Kxf7
23. Be6+ Ke8 24. e5 Rxd5 25. Qxg6+ Kd8 26. Qxg7 Rcd7 27. Bxd7 Kxd7 28. Qg4+ Kc7
29. Qxc4+ 1-0

[Event "31st open TETEVEN"]
[Site "Teteven"]
[Date "2016.08.14"]
[Round "2.27"]
[White "Popov, Petar"]
[Black "Kosturkov, Krasimir"]
[Result "1-0"]
[WhiteElo "2128"]
[BlackElo "1650"]
[PlyCount "69"]
[EventDate "2016.08.13"]
[EventType "swiss"]
[EventRounds "9"]
[EventCountry "BUL"]

1. e4 c5 2. Nc3 e6 3. f4 d5 4. Bb5+ Bd7 5. exd5 exd5 6. Qe2+ Be7 7. Nxd5 a6 8.
Bxd7+ Nxd7 9. Nf3 Nb6 $146 ({RR} 9... Ngf6 10. Nxf6+ Nxf6 11. O-O O-O 12. d3
Re8 13. Qf2 Qd5 14. Bd2 Ng4 15. Qg3 f5 16. h3 Nh6 17. Bc3 g6 18. Rae1 Nf7 19.
Rf2 Bf8 20. Rfe2 Rxe2 21. Rxe2 Qxa2 22. Nh4 Bg7 23. Nxg6 Bxc3 24. Ne7+ {
Pauco,V (1869)-Tatransky,V (1432)/Zilina 2013/CBM 154 Extra/1-0 (42)}) 10. Nxe7
Nxe7 11. O-O O-O 12. d3 Re8 13. Qf2 Rc8 14. Bd2 Nbd5 15. g3 Nf5 16. Rfe1 Qb6
17. b3 Nb4 18. Bxb4 Qxb4 19. Rxe8+ Rxe8 20. Re1 Rd8 21. a4 f6 22. Qe2 Nd4 23.
Nxd4 Qxd4+ 24. Qe3 Kf7 25. Kf1 Qxe3 26. Rxe3 b5 27. Re4 h5 28. Ke2 g6 29. axb5
axb5 30. b4 Rc8 31. Kd2 Rc6 32. h3 Rc8 33. g4 hxg4 34. hxg4 Rc7 35. c4 1-0

[Event "31st open TETEVEN"]
[Site "Teteven"]
[Date "2016.08.14"]
[Round "2.32"]
[White "Banev, Simeon"]
[Black "Slijper, Thomas"]
[Result "0-1"]
[WhiteElo "1429"]
[BlackElo "1932"]
[PlyCount "90"]
[EventDate "2016.08.13"]
[EventType "swiss"]
[EventRounds "9"]
[EventCountry "BUL"]

1. d4 Nf6 2. e3 c5 3. c4 cxd4 4. exd4 d5 5. Nc3 Nc6 6. c5 g6 7. h3 Bg7 8. Be3
O-O 9. Nf3 Ne4 10. Qc2 e5 11. dxe5 Nxe5 12. Nxe5 Bxe5 13. Nxe4 dxe4 14. Be2
Qa5+ 15. Bd2 Qc7 16. Rd1 b6 17. b4 Bb7 18. O-O Rad8 19. Be3 f5 20. Qb3+ Kh8 21.
cxb6 axb6 22. Rc1 (22. Qe6 $142 $16) 22... Qb8 23. Qc4 (23. Bxb6 $142 $18)
23... f4 24. Bxb6 f3 25. Bxd8 Qxd8 26. Bxf3 exf3 27. g3 Bc8 28. g4 $4 {
Diagram #} (28. Rfd1 $142 $11) 28... Qh4 (28... Bxg4 $142 $19) 29. Qc5 Bg7 30.
Qd6 Qxh3 31. Qg3 Qxg3+ 32. fxg3 Bd4+ 33. Kh2 Ba6 34. Rfd1 Be3 35. Rb1 Be2 36.
Re1 Bd2 37. Rh1 Rc8 38. b5 Be3 39. b6 Rb8 40. b7 Ba7 41. Rhc1 f2 42. Rc8+ Kg7
43. Kg2 Bd3 44. Rd1 Be4+ 45. Kf1 Rxb7 0-1

[Event "31st open TETEVEN"]
[Site "Teteven"]
[Date "2016.08.14"]
[Round "2.47"]
[White "Georgiev, Nikolay Zh"]
[Black "Karov, Aleksandar"]
[Result "1-0"]
[WhiteElo "1537"]
[BlackElo "1024"]
[PlyCount "35"]
[EventDate "2016.08.13"]
[EventType "swiss"]
[EventRounds "9"]
[EventCountry "BUL"]

1. e4 e5 2. Bc4 Nf6 3. d3 d5 4. exd5 Nxd5 5. Qf3 Nf6 6. Bg5 Bg4 7. Qxb7 Nbd7 8.
Bb5 Rb8 9. Qc6 Rb6 10. Bxf6 Rxc6 11. Bxd8 Rxc2 12. Bg5 Bb4+ 13. Nd2 Rxb2 14.
Bxd7+ Bxd7 15. Ngf3 O-O 16. O-O Re8 17. Be3 f6 18. Nc4 1-0

[Event "31st open TETEVEN"]
[Site "Teteven"]
[Date "2016.08.15"]
[Round "3.1"]
[White "Dochev, Marian"]
[Black "Nikolov, Sasho"]
[Result "0-1"]
[WhiteElo "2041"]
[BlackElo "2359"]
[PlyCount "102"]
[EventDate "2016.08.13"]
[EventType "swiss"]
[EventRounds "9"]
[EventCountry "BUL"]

1. e4 c5 2. d3 Nc6 3. g3 Nf6 4. Bg2 d5 5. Nd2 e5 6. Ne2 h5 7. h3 Be6 8. Nc3 h4
9. g4 d4 10. Ne2 Bd6 11. Nc4 Bc7 12. f4 Bxc4 13. dxc4 Ba5+ 14. Bd2 Nd7 15. O-O
Bxd2 16. Qxd2 Qa5 17. Qxa5 Nxa5 18. b3 Nc6 19. fxe5 Nb4 20. e6 fxe6 21. Nf4
Nxc2 22. Nxe6 Nxa1 23. Nxg7+ Kd8 24. Rxa1 Rh7 25. Nf5 Ne5 26. Rd1 Kc7 27. Kf2
a6 28. Bf1 b5 29. Rc1 b4 30. Be2 a5 31. Rg1 a4 32. Bd1 axb3 33. Bxb3 Kd7 34.
Rd1 Ke6 35. Ke2 Nf7 36. Kd3 Ng5 37. Rh1 Ke5 38. Rh2 Ne6 39. Kd2 Nf4 40. Rh1
Rha7 41. Kc2 Rxa2+ 42. Bxa2 Rxa2+ 43. Kb3 Ra3+ 44. Kc2 Rc3+ 45. Kd2 b3 46. Ra1
Rxh3 47. Ra5 Rh2+ 48. Kd1 Nd3 49. Ra3 b2 50. Rb3 Nf2+ 51. Kc2 Nxe4+ 0-1

[Event "31st open TETEVEN"]
[Site "Teteven"]
[Date "2016.08.15"]
[Round "3.3"]
[White "Arnaudov, Petar D"]
[Black "Todorov, Momchil"]
[Result "1-0"]
[WhiteElo "1989"]
[BlackElo "2304"]
[PlyCount "121"]
[EventDate "2016.08.13"]
[EventType "swiss"]
[EventRounds "9"]
[EventCountry "BUL"]

1. e4 c5 2. Nc3 e6 3. g3 a6 4. Bg2 b5 5. a4 b4 6. Nce2 Bb7 7. d4 cxd4 8. Nxd4
Nf6 9. Qd3 d5 10. e5 Ne4 11. f3 Nc5 12. Qe3 Nbd7 13. Nge2 Qc7 14. f4 Ne4 15.
O-O Bc5 16. Kh1 O-O 17. Qd3 Rfe8 18. Be3 f6 19. exf6 Nexf6 20. Bg1 Bd6 21. Nf3
Nc5 22. Qd1 Bc6 23. b3 Nce4 24. Ned4 Bd7 25. Qd3 Nc5 26. Qd1 Nfe4 27. Ne2 Rac8
28. Bd4 Bc6 29. Bb2 Re7 30. Qd4 Nd7 31. Qd3 Bb7 32. Ned4 Nc3 33. Ng5 Nf8 34.
Rae1 Rce8 35. Bxc3 bxc3 36. Re2 h6 37. Ngf3 Kh8 38. Rfe1 e5 39. fxe5 Bxe5 40.
Nxe5 Rxe5 41. Qf3 Nd7 42. Rxe5 Rxe5 43. Rxe5 Nxe5 44. Qf4 Qe7 45. h3 Ng6 46.
Qf5 Qe1+ 47. Kh2 Qd2 48. Nf3 Qe2 49. Ng1 Qe8 50. Qd3 Ne5 51. Qd4 Qh5 52. Qf4
Bc6 53. g4 Qe8 54. Kh1 Ng6 55. Qf2 Qe5 56. Nf3 Qf4 57. Qc5 Qc7 58. Ng1 Qe7 59.
Qxc6 Nh4 60. Qc8+ Kh7 61. Bxd5 1-0

[Event "31st open TETEVEN"]
[Site "Teteven"]
[Date "2016.08.15"]
[Round "3.4"]
[White "Yordanov, Lachezar"]
[Black "Boev, Viktor"]
[Result "1-0"]
[WhiteElo "2267"]
[BlackElo "1976"]
[PlyCount "73"]
[EventDate "2016.08.13"]
[EventType "swiss"]
[EventRounds "9"]
[EventCountry "BUL"]

1. d4 d5 2. c4 dxc4 3. e3 e5 4. Bxc4 exd4 5. exd4 Bd6 6. Nf3 Nf6 7. O-O O-O 8.
h3 h6 9. Qc2 Nc6 10. Nc3 a6 11. a3 Ne7 12. Ne5 b5 13. Ba2 c5 14. Nxf7 Rxf7 15.
Bxf7+ Kxf7 16. dxc5 Bxc5 17. Nxb5 Qb6 18. Nc3 Qc6 19. Qa4 Qxa4 20. Nxa4 Ba7 21.
Be3 Bxe3 22. fxe3 Bb7 23. Nc5 Bc6 24. b4 Ng6 25. a4 Bd5 26. Rfd1 Ke7 27. Rd4
Ne5 28. Rad1 Bc6 29. Rd6 Kf7 30. Rf1 Rc8 31. e4 Nc4 32. Rd4 Ne5 33. Rf5 Re8 34.
Rd6 Kg8 35. Rxe5 Rxe5 36. Rxc6 Nxe4 37. Nxa6 1-0

[Event "31st open TETEVEN"]
[Site "Teteven"]
[Date "2016.08.15"]
[Round "3.5"]
[White "Todorov, Tsetsko"]
[Black "Janev, Pavel"]
[Result "0-1"]
[WhiteElo "1949"]
[BlackElo "2254"]
[PlyCount "62"]
[EventDate "2016.08.13"]
[EventType "swiss"]
[EventRounds "9"]
[EventCountry "BUL"]

1. d4 e6 2. c4 Nf6 3. Nc3 Bb4 4. Qc2 d5 5. e3 O-O 6. Nf3 b6 7. cxd5 exd5 8. Bd3
c5 9. dxc5 bxc5 10. O-O Nc6 11. Rd1 Bg4 12. a3 Bxc3 13. Qxc3 Qb6 14. Bd2 c4 15.
Be2 Rab8 16. h3 Bh5 17. g4 Bg6 18. Nh4 Ne4 19. Qc1 Qxb2 20. Bf3 Qf6 21. Nf5
Bxf5 22. gxf5 Qxf5 23. Bxe4 dxe4 24. Bc3 Qxh3 25. Rd5 Qg4+ 26. Kf1 Ne7 27. Rd4
Nf5 28. Rxc4 Qh3+ 29. Ke1 Rfd8 30. Qc2 Qh1+ 31. Ke2 Ng3+ 0-1

[Event "31st open TETEVEN"]
[Site "Teteven"]
[Date "2016.08.15"]
[Round "3.6"]
[White "Kostov, Galin"]
[Black "Terziev, Dimo"]
[Result "1/2-1/2"]
[WhiteElo "2181"]
[BlackElo "1834"]
[PlyCount "100"]
[EventDate "2016.08.13"]
[EventType "swiss"]
[EventRounds "9"]
[EventCountry "BUL"]

1. c4 g6 2. Nc3 Bg7 3. g3 Nf6 4. Bg2 O-O 5. Nf3 d6 6. O-O Nc6 7. Rb1 Bf5 8. d3
a5 9. a3 e5 10. Bg5 h6 11. Bxf6 Bxf6 12. Nd5 Bg7 13. Nd2 Qd7 14. Ne4 Bxe4 15.
dxe4 Ne7 16. Qc2 Nxd5 17. cxd5 c5 18. dxc6 Qxc6 19. Qd2 Rfd8 20. Rbc1 Qd7 21.
Rfd1 Bf8 22. h4 Qb5 23. Bh3 Ra6 24. h5 g5 25. Qe3 d5 26. Qf3 dxe4 27. Qxe4 Rad6
28. Rxd6 Rxd6 29. Rc7 Rc6 30. Bd7 Qb6 31. Rxb7 Qxb7 32. Bxc6 Qxb2 33. Bd5 Kg7
34. Qf5 Qc1+ 35. Kg2 Qc7 36. Be4 Qd6 37. a4 Qe6 38. Qh7+ Kf6 39. Qh8+ Ke7 40.
f3 f5 41. Qh7+ Qf7 42. Bxf5 Qxh7 43. Bxh7 Kf6 44. Kf2 Bc5+ 45. e3 Bb4 46. Ke2
Bc5 47. Kd3 Bb4 48. f4 gxf4 49. gxf4 exf4 50. exf4 Bc5 1/2-1/2

[Event "31st open TETEVEN"]
[Site "Teteven"]
[Date "2016.08.15"]
[Round "3.7"]
[White "Bochev, Krasimir"]
[Black "Karadzhov, Ivan"]
[Result "1-0"]
[WhiteElo "2126"]
[BlackElo "1766"]
[PlyCount "69"]
[EventDate "2016.08.13"]
[EventType "swiss"]
[EventRounds "9"]
[EventCountry "BUL"]

1. Nf3 d5 2. g3 Nf6 3. Bg2 c6 4. O-O Bf5 5. d3 h6 6. c4 e6 7. cxd5 exd5 8. Nc3
Nbd7 9. e4 dxe4 10. dxe4 Be6 11. Qe2 Bc5 12. h3 O-O 13. Rd1 Qe7 14. Nd4 Nb6 15.
Nb3 Bxb3 16. axb3 Qe6 17. Qc2 Nfd7 18. Kh2 h5 19. h4 Nf6 20. f3 Bd6 21. Ne2 Qe7
22. Bg5 Nbd7 23. Qd2 Bc7 24. Qc3 Qe8 25. Bh3 Ne5 26. Bxf6 gxf6 27. Nf4 Ng6 28.
Nxh5 Qe5 29. Nxf6+ Kh8 30. Nd7 Qxc3 31. bxc3 Rfd8 32. f4 Re8 33. e5 a5 34. h5
Ne7 35. c4 1-0

[Event "31st open TETEVEN"]
[Site "Teteven"]
[Date "2016.08.15"]
[Round "3.8"]
[White "Dimov, Danail"]
[Black "Stojanov, Alexandar"]
[Result "0-1"]
[WhiteElo "1763"]
[BlackElo "2121"]
[PlyCount "64"]
[EventDate "2016.08.13"]
[EventType "swiss"]
[EventRounds "9"]
[EventCountry "BUL"]

1. Nf3 g6 2. c4 Bg7 3. Nc3 d6 4. g3 c5 5. Bg2 Nc6 6. O-O Nh6 7. d3 Nf5 8. Rb1
h5 9. h3 Bd7 10. Nd5 a6 11. a3 b5 12. b4 cxb4 13. axb4 Rb8 14. Bd2 e6 15. Ne3
Nfd4 16. Nxd4 Nxd4 17. Nc2 h4 18. Nxd4 Bxd4 19. g4 Qb6 20. Qb3 f5 21. g5 O-O
22. Bc3 Rbc8 23. Bxd4 Qxd4 24. cxb5 axb5 25. e3 Qb6 26. Rfc1 f4 27. Rxc8 Rxc8
28. d4 fxe3 29. fxe3 Qd8 30. e4 Qxg5 31. Rf1 Rc1 32. Qf3 Rxf1+ 0-1